[Event "Barcelona Sant Marti op-B 19th"]
[Site "Barcelona"]
[Date "2017.07.15"]
[Round "3"]
[White "Arribas Alvarez, Marti"]
[Black "Tortosa Moros, Joan"]
[Result "1-0"]
[WhiteElo "1781"]
[BlackElo "1672"]
[PlyCount "53"]
[EventDate "2017.07.13"]
[EventType "swiss"]
[EventRounds "9"]
[EventCountry "ESP"]
[SourceTitle "EXT 2018"]
[Source "ChessBase"]
[SourceDate "2017.10.13"]
[SourceVersion "1"]
[SourceVersionDate "2017.10.13"]
[SourceQuality "1"]

1. e4 c5 2. d4 cxd4 3. c3 dxc3 4. Nxc3 Nc6 5. Nf3 e6 6. Bc4 Qc7 7. 0-0 Nf6 8. Nb5 Qb8 9. e5 a6 10. exf6 axb5 11. fxg7 Bxg7 12. Bxb5 Ra5 13. a4 Na7 14. Bd2 Rxb5 15. axb5 Nxb5 16. Qb3 Na7 17. Ra4 Nc6 18. Rg4 Bf6 19. Bc3 e5 20. Ng5 Nd8 21. Ne4 Be7 22. Qb5 h5 23. Bxe5 Qa8 24. Bxh8 hxg4 25. Nf6+ Bxf6 26. Bxf6 Ne6 27. Qb4 1-0

[Event "Barcelona Sant Marti op-B 19th"]
[Site "Barcelona"]
[Date "2017.07.14"]
[Round "2"]
[White "Samrat, Ghorai"]
[Black "Arribas Alvarez, Marti"]
[Result "1-0"]
[WhiteElo "1938"]
[BlackElo "1781"]
[PlyCount "97"]
[EventDate "2017.07.13"]
[EventType "swiss"]
[EventRounds "9"]
[EventCountry "ESP"]
[SourceTitle "EXT 2018"]
[Source "ChessBase"]
[SourceDate "2017.10.13"]
[SourceVersion "1"]
[SourceVersionDate "2017.10.13"]
[SourceQuality "1"]

1. e4 e6 2. d4 d5 3. Nc3 Bb4 4. Nge2 dxe4 5. a3 Be7 6. Nxe4 Nf6 7. N2g3 Nbd7 8. Bd3 0-0 9. h4 b6 10. Bg5 Bb7 11. Qd2 Nxe4 12. Bxe4 Bxe4 13. Nxe4 Nf6 14. Nxf6+ Bxf6 15. 0-0-0 h6 16. Bxf6 Qxf6 17. g4 Qf3 18. Rhg1 Rad8 19. Rg3 Qd5 20. h5 c5 21. Rd3 cxd4 22. Rxd4 Qxd4 23. Qxd4 Rxd4 24. Rxd4 f5 25. f3 fxg4 26. fxg4 Rf7 27. Kd2 Re7 28. Ke3 g5 29. Ke4 Kf7 30. Ke5 Rc7 31. c4 Rc5+ 32. Kd6 Rc8 33. Kd7 Re8 34. b4 e5 35. Re4 Re7+ 36. Kd6 Kf6 37. c5 bxc5 38. bxc5 Re6+ 39. Kc7 Re7+ 40. Kd8 Re6 41. Kd7 Re7+ 42. Kd6 Re6+ 43. Kd5 Re8 44. c6 Rd8+ 45. Kc5 Ke6 46. c7 Rd5+ 47. Kc4 Rd4+ 48. Rxd4 exd4 49. c8Q+ 1-0

[Event "Barcelona Sant Marti op-B 19th"]
[Site "Barcelona"]
[Date "2017.07.13"]
[Round "1"]
[White "Arribas Alvarez, Marti"]
[Black "Marzo Ruiz, Xavier"]
[Result "1-0"]
[WhiteElo "1781"]
[BlackElo "1439"]
[PlyCount "71"]
[EventDate "2017.07.13"]
[EventType "swiss"]
[EventRounds "9"]
[EventCountry "ESP"]
[SourceTitle "EXT 2018"]
[Source "ChessBase"]
[SourceDate "2017.10.13"]
[SourceVersion "1"]
[SourceVersionDate "2017.10.13"]
[SourceQuality "1"]

1. e4 g6 2. d4 Bg7 3. Nf3 d6 4. Nc3 a6 5. Bd3 Nf6 6. 0-0 0-0 7. Bg5 b5 8. a3 Bb7 9. Re1 Nbd7 10. Qd2 c5 11. d5 c4 12. Bf1 Nc5 13. Bh6 e6 14. Bxg7 Kxg7 15. g3 exd5 16. exd5 Ncd7 17. Bg2 Nb6 18. Nh4 Rc8 19. Qg5 Nfxd5 20. Nf5+ Kh8 21. Ne7 Nxe7 22. Qf6+ Kg8 23. Bxb7 Rc7 24. Bxa6 Nbd5 25. Nxd5 Nxd5 26. Qxd8 Rxd8 27. Bxb5 Rb8 28. a4 c3 29. b3 Nb4 30. Re2 d5 31. Rd1 Rd8 32. Rd4 Kf8 33. Rxb4 d4 34. Bd3 Kg7 35. a5 Kf6 36. f4 1-0

[Event "Foment Martinenc op-B 17th"]
[Site "Barcelona"]
[Date "2015.05.30"]
[Round "6"]
[White "Martos Martin, Josep Angel"]
[Black "Arribas Alvarez, Marti"]
[Result "1-0"]
[WhiteElo "1983"]
[BlackElo "2044"]
[PlyCount "77"]
[EventDate "2015.04.25"]
[EventType "swiss"]
[EventRounds "9"]
[EventCountry "ESP"]
[SourceTitle "EXT 2017"]
[Source "ChessBase"]
[SourceDate "2016.10.25"]
[SourceVersion "1"]
[SourceVersionDate "2016.10.25"]
[SourceQuality "1"]

1. e4 e6 2. d4 d5 3. e5 c5 4. c3 Nc6 5. Nf3 Qb6 6. a3 a5 7. Bd3 Bd7 8. 0-0 cxd4 9. cxd4 Nge7 10. Nc3 Ng6 11. Bc2 Be7 12. Rb1 0-0 13. Re1 Na7 14. Bg5 Qd8 15. Bxe7 Qxe7 16. g3 Rac8 17. h4 f5 18. Ng5 h6 19. Nh3 Be8 20. h5 Nh8 21. Nf4 Bf7 22. Bb3 Rfd8 23. Rc1 Qg5 24. Qf3 Qg4 25. Qxg4 fxg4 26. Bd1 Nb5 27. Bxg4 Nxd4 28. Rcd1 Nf5 29. Bxf5 exf5 30. e6 Be8 31. Ncxd5 Kh7 32. Nc3 g6 33. e7 Rd7 34. Rxd7 Bxd7 35. Ncd5 Kg7 36. Nb6 Re8 37. Nxd7 g5 38. Nd5 Kf7 39. N7f6 1-0

[Event "Badalona op-B 40th"]
[Site "Badalona"]
[Date "2014.08.09"]
[Round "8"]
[White "Ferres Saez, Joan"]
[Black "Arribas Alvarez, Marti"]
[Result "1/2-1/2"]
[WhiteElo "1965"]
[BlackElo "1913"]
[PlyCount "61"]
[EventDate "2014.08.02"]
[EventType "swiss"]
[EventRounds "9"]
[EventCountry "ESP"]
[SourceTitle "EXT 2015"]
[Source "ChessBase"]
[SourceDate "2014.11.20"]
[SourceVersion "1"]
[SourceVersionDate "2014.11.20"]
[SourceQuality "1"]

1. e4 e6 2. d4 d5 3. e5 c5 4. c3 Nc6 5. Nf3 Qb6 6. a3 a5 7. Bd3 Bd7 8. Bc2 cxd4 9. cxd4 Nge7 10. 0-0 Nf5 11. Nc3 Ncxd4 12. Nxd4 Qxd4 13. Qe2 g6 14. Nb5 Qb6 15. Ba4 Bc5 16. Nd6+ Bxd6 17. Bxd7+ Kxd7 18. exd6 Qxd6 19. b4 axb4 20. Qb5+ Qc6 21. Qxb4 Ra4 22. Qb2 Rf8 23. Bd2 Rc4 24. Bb4 Nd6 25. Qg7 Rc8 26. Rad1 Rf4 27. g3 Rf5 28. Rc1 Qxc1 29. Rxc1 Rxc1+ 30. Kg2 Rc2 31. Be1 1/2-1/2

[Event "Badalona op-B 40th"]
[Site "Badalona"]
[Date "2014.08.07"]
[Round "6"]
[White "Urrutia Mule, Oriol"]
[Black "Arribas Alvarez, Marti"]
[Result "0-1"]
[WhiteElo "1933"]
[BlackElo "1913"]
[PlyCount "42"]
[EventDate "2014.08.02"]
[EventType "swiss"]
[EventRounds "9"]
[EventCountry "ESP"]
[SourceTitle "EXT 2015"]
[Source "ChessBase"]
[SourceDate "2014.11.20"]
[SourceVersion "1"]
[SourceVersionDate "2014.11.20"]
[SourceQuality "1"]

1. e4 e5 2. Nc3 Nc6 3. g3 Bc5 4. Bg2 Nf6 5. Nge2 a6 6. 0-0 d6 7. d3 Bg4 8. h3 Be6 9. Nd5 Ne7 10. Nxf6+ gxf6 11. Be3 Bxe3 12. fxe3 f5 13. exf5 Nxf5 14. Rf3 Qg5 15. e4 Ne7 16. Qf1 f5 17. Nc3 0-0-0 18. Nd5 Nxd5 19. exd5 Bxd5 20. Rxf5 Qxg3 21. Qf2 Rdg8 0-1